| 000 | 00501nam a22001697a 4500 | ||
|---|---|---|---|
| 005 | 20251108171936.0 | ||
| 008 | 250721s9999 xx 000 0 ara d | ||
| 082 | 1 | 4 | _a133.5/ماغ |
| 100 | 1 | _aفرح، ماغي | |
| 245 | 1 | 0 |
_aبرج السرطان : _bمواليد 22 حزيران - 22 تموز / |
| 264 | 1 |
_aالقاهرة : _bدار الكتاب المصري، |
|
| 300 | _a109ص | ||
| 490 | 0 | _aموسوعة الأبراج | |
| 650 | 1 | 7 | _aالأبراج |
| 942 |
_2ddc _cBK |
||
| 999 |
_c66467 _d66467 |
||